Get the wrong one out!!! - Statistics

General Stats
  • This quiz has been taken 10 times
  • The average score is 10 of 15
Answer Stats
Question Answer % Correct
Which isn't one of Bronte sisters? Abigail
86%
Which one isn't the herb from Simon & Garfunkel's song Scarborough Fair? clove
86%
Which isn't the Harry Potter movie (book)? Last Crusade
86%
Which isn't one of Tom Hanks one-word movies? Ransom
86%
Which of US Presidents isn't assassinated? Zachary Taylor
86%
Which isn't one of Toyota models? Canyon
71%
Which of the Spaniards isn't No. 1 tennis player? Manuel Orantes
71%
Which isn't a baseball movie? Mystery, Alaska
71%
Which isn't a member of The Police? Peter Gabriel
71%
Which isn't one of Baldwin brothers? Robert
71%
Who didn't perform in every movie of the trilogy Ocean's (11 & 12 & 13)? Julia Roberts
57%
Which one isn't among 4 of the biggest Japanese islands? Okinawa
57%
Which isn't The Facebook-owned virtual community? YouTube
57%
Which of the capitals isn't along the Danube river? Zagreb
43%
Which car brand isn't owned by the Volkswagen Group? Holden
29%
No matching quizzes found
Score Distribution
Percent of People with Each Score
Percentile by Number Answered
Your Score History
You have not taken this quiz